O amor jamais te esquece / (Record no. 382)

MARC details
000 -LÍDER
campo de controle de tamanho fixo 01445nam a22002897a 4500
001 - NÚMERO DE CONTROLE
campo de controle 382
003 - IDENTIFICADOR DO NÚMERO DE CONTROLE
campo de controle OSt
005 - DATA E HORÁRIO DA ÚLTIMA TRANSAÇÃO
campo de controle 20250404104832.0
008 - CAMPO DE DADOS FIXOS--INFORMAÇÃO GERAL
campo de controle de tamanho fixo 250404b |||||||| |||| 00| 0 eng d
020 ## - ISBN - INTERNATIONAL STANDARD BOOK NUMBER
ISBN - International Standard Book Number 9788573413045
040 ## - FONTE DA CATALOGAÇÃO
Idioma da catalogação por
041 ## - CÓDIGO DE IDIOMA
Código do idioma do texto/trilha sonora ou título diferente por
082 ## - CDD - CLASSIFICAÇÃO DECIMAL DE DEWEY
Número de Classificação 133.93
Número do exemplar L939a
100 ## - ENTRADA PRINCIPAL--NOME PESSOAL
Nome pessoal Lucius
Títulos e outras palavras associadas ao nome (espirito)
9 (RLIN) 796
245 ## - TÍTULO
Título O amor jamais te esquece /
Indicação de responsabilidade, etc. Lucius (espirito) ; Psicografado por André Luiz de Andrade Ruiz
250 ## - EDIÇÃO
Declaração de edição 14 ed.
260 ## - PUBLICAÇÃO, DISTRIBUIÇÃO, ETC.
Local de publicação, distribuição, etc. Araras
Nome do editor, distribuidor, etc. IDE
Data da publicação, distribuição, etc. 2009
300 ## - DESCRIÇÃO FÍSICA
Extensão 418 p.
520 ## - NOTA DE RESUMO, ETC.
Resumo, etc. Empolgante romance que nos remete aos luminosos momentos vividos pela humanidade ao tempo de Jesus, envolvendo o senador Públio Lentulus, sua esposa Lívia, Zacarias, Fúlvia e Pilatos, dentre outros. Por meio de seus dramas e experiências, o leitor sentirá que, apesar de todas as nossas quedas e erros, o Amor nunca nos abandona ao desamparo, ajudando-nos a sair dos abismos escuros onde somos projetados por nossa ignorância. Primeiro volume da trilogia que inclui A Força da Bondade e Sob as Mãos da Misericórdia. As obras têm leitura independente e enredo próprio, mas as personagens se relacionam entre si pelos laços de existências anteriores.<br/>
650 #0 - ASSUNTO--TERMO TÓPICO
Cabeçalho tópico ou nome geográfico Literatura Brasileira
9 (RLIN) 205
650 #0 - ASSUNTO--TERMO TÓPICO
Cabeçalho tópico ou nome geográfico Reencarnação
9 (RLIN) 793
650 #0 - ASSUNTO--TERMO TÓPICO
Cabeçalho tópico ou nome geográfico Psicografias
9 (RLIN) 485
650 #0 - ASSUNTO--TERMO TÓPICO
Cabeçalho tópico ou nome geográfico Cristianismo na visão espirita
9 (RLIN) 798
655 #0 - TERMO DE ÍNDICE--GÊNERO E FORMA
Gênero/forma/ou termo foco Romance
700 1# - ENTRADA ADICIONADA - NOME PESSOAL
Nome pessoal Ruíz, André Luiz,
Datas associadas ao nome 1962-
9 (RLIN) 797
942 ## - ELEMENTOS DE ENTRADA ADICIONADOS (KOHA)
Fonte de classificação ou esquema de arquivamento Classificação decimal de Dewey
Ocultar no OPAC Não
Tipo de material Koha Livros
Holdings
Situação do descarte Situação das perdas Fonte de classificação ou esquema de arquivamento Status danificado Não pode ser emprestado Coleção Biblioteca de origem Biblioteca atual Localização na estante Data de aquisição Fonte de aquisição Total de empréstimos Número de chamada completo Código de barras Data de último acesso Data do preço efetivo Tipo de material Koha
    Classificação decimal de Dewey     Não ficção Biblioteca Professor Eduardo Afonso de Castro Biblioteca Professor Eduardo Afonso de Castro Obras Espíritas 04.04.2025 doação   133.93 / L939a 2025-17316 04.04.2025 04.04.2025 Livros

Powered by Koha